000 00684cam a2200217 i 4500
005 20251230085303.0
008 250721s2005 jo gr 000 0 ara d
082 1 4 _a218.62
_bي ا س
100 1 _aأبو ياسر،
_eمؤلف.
245 1 0 _aخواطر (3) مرة..؟؟ :
_bتعبر عن واقع أمر /
_cبقلم أـبو ياسر.
264 3 1 _aعمان :
_c2005.
300 _a151 صفحة.
490 0 _aخواطر ؛
_vرقم 3.
650 1 7 _aالإسلام.
650 1 7 _aدفاع المطاعن.
650 1 7 _aالصحوة الإسلامية.
650 1 7 _aالغرب.
830 0 _aخواطر.
942 _2ddc
_cBK
999 _c98417
_d98417